[Event "Nezhmetdinov Memorial 36th"]
[Site "Kazan"]
[Date "2014.06.03"]
[Round "4"]
[White "Bakunin, Damir"]
[Black "Pershin, Denis"]
[Result "0-1"]
[WhiteElo "1992"]
[BlackElo "2157"]
[PlyCount "54"]
[EventDate "2014.05.31"]
[EventType "swiss"]
[EventRounds "9"]
[EventCountry "RUS"]
[SourceTitle "CBM 160 Extra"]
[Source "ChessBase"]
[SourceDate "2014.07.01"]
[SourceVersion "1"]
[SourceVersionDate "2014.07.01"]
[SourceQuality "1"]

1. e4 c5 2. Nf3 d6 3. d4 cxd4 4. Nxd4 Nf6 5. Nc3 Nc6 6. Bc4 e6 7. Bb3 Be7 8. Be3 0-0 9. 0-0 Nxd4 10. Bxd4 b5 11. Nxb5 Nxe4 12. Nxa7 Bb7 13. c4 e5 14. Be3 f5 15. f3 Ng5 16. Nb5 Ra6 17. Nxd6 Rxd6 18. c5+ Rd5 19. Qd2 f4 20. Rfd1 fxe3 21. Bxd5+ Kh8 22. Qxe3 Bxd5 23. Qxe5 Nxf3+ 24. gxf3 Bxc5+ 25. Rd4 Bxd4+ 26. Qxd4 Qg5+ 27. Qg4 Qe3+ 0-1

[Event "Nezhmetdinov Memorial 34th"]
[Site "Kazan"]
[Date "2012.10.03"]
[Round "8.28"]
[White "Bakunin, Damir"]
[Black "Trapeznikova, Darya"]
[Result "0-1"]
[WhiteElo "2024"]
[BlackElo "2069"]
[PlyCount "102"]
[EventDate "2012.09.25"]
[EventType "swiss"]
[EventRounds "9"]
[EventCountry "RUS"]
[SourceTitle "EXT 2022"]
[Source "ChessBase"]
[SourceDate "2021.10.06"]
[SourceVersion "1"]
[SourceVersionDate "2021.10.06"]
[SourceQuality "1"]

1. e4 e6 2. d4 d5 3. Nc3 Bb4 4. e5 Ne7 5. a3 Bxc3+ 6. bxc3 c5 7. a4 Qc7 8. Nf3 h6 9. Bd3 b6 10. 0-0 Ba6 11. Ba3 0-0 12. Bxa6 Nxa6 13. Qe2 Nb8 14. c4 Nd7 15. cxd5 Nxd5 16. c4 Nf4 17. Qe3 Ng6 18. dxc5 bxc5 19. Bb2 Rab8 20. Bc3 Nb6 21. Ba5 Qc6 22. Bxb6 Rxb6 23. Rfb1 Rfb8 24. Rb5 a6 25. Rxb6 Rxb6 26. Qd3 Rb4 27. Qc2 Qc7 28. Qe4 Qb7 29. Qc2 Qd7 30. h4 Nxh4 31. Nxh4 Qd4 32. Rd1 Qxh4 33. g3 Rxc4 34. Rd8+ Qxd8 35. Qxc4 Qd1+ 36. Kh2 Qd4 37. Qxa6 c4 38. a5 Qxf2+ 39. Kh3 Qf5+ 40. Kh2 Qc2+ 41. Kh3 c3 42. Qc8+ Kh7 43. a6 Qf5+ 44. Kg2 Qe4+ 45. Kh2 Qe2+ 46. Kh3 c2 47. a7 Qf1+ 48. Kh2 c1Q 49. Qxc1 Qxc1 50. a8Q Qb2+ 51. Kh3 Qxe5 0-1

[Event "Uljanovsk Privolje op"]
[Site "Uljanovsk"]
[Date "2012.02.04"]
[Round "8"]
[White "Bakunin, Damir"]
[Black "Sadykov, Rustem1111"]
[Result "0-1"]
[WhiteElo "1983"]
[BlackElo "2111"]
[PlyCount "52"]
[EventDate "2012.01.31"]
[EventType "swiss"]
[EventRounds "9"]
[EventCountry "RUS"]
[SourceTitle "EXT 2013"]
[Source "ChessBase"]
[SourceDate "2012.11.22"]
[SourceVersion "1"]
[SourceVersionDate "2012.11.22"]
[SourceQuality "1"]

1. e4 e6 2. d4 d5 3. Nc3 Bb4 4. e5 c5 5. a3 Bxc3+ 6. bxc3 Ne7 7. a4 Qc7 8. Nf3 Bd7 9. Bd3 Nbc6 10. 0-0 c4 11. Be2 0-0-0 12. Ba3 h5 13. Bd6 Qa5 14. Qd2 Nf5 15. Bc5 f6 16. Rfb1 Qc7 17. a5 Be8 18. Ra2 Kb8 19. Qc1 Nxe5 20. Nxe5 fxe5 21. Rab2 Bc6 22. Rxb7+ Bxb7 23. a6 Qc6 24. Qa3 Rd7 25. Bxa7+ Kxa7 26. axb7+ Qa6 0-1

[Event "Uljanovsk Privolje op"]
[Site "Uljanovsk"]
[Date "2011.02.05"]
[Round "7"]
[White "Kashicin, Alexander"]
[Black "Bakunin, Damir"]
[Result "1/2-1/2"]
[WhiteElo "1939"]
[BlackElo "2005"]
[PlyCount "77"]
[EventDate "2011.02.01"]
[EventType "swiss"]
[EventRounds "9"]
[EventCountry "RUS"]
[SourceTitle "CBM 140 Extra"]
[Source "ChessBase"]
[SourceDate "2011.03.01"]
[SourceVersion "1"]
[SourceVersionDate "2011.03.01"]
[SourceQuality "1"]

1. d4 d5 2. Nf3 Nf6 3. Bf4 c5 4. c3 Nc6 5. e3 Qb6 6. Qb3 Qxb3 7. axb3 e6 8. Nbd2 Nh5 9. Bc7 Kd7 10. Bb6 cxd4 11. exd4 Bd6 12. Bb5 a6 13. Ne5+ Bxe5 14. dxe5 Rb8 15. Bxc6+ bxc6 16. Be3 f5 17. f4 Rg8 18. h4 c5 19. Rf1 Ng3 20. Rf3 Ne4 21. Nxe4 fxe4 22. Rf2 Kc6 23. Ra5 Rb5 24. Rxb5 axb5 25. Kd1 Rd8 26. Rd2 Bd7 27. Kc2 Be8 28. g4 h5 29. g5 Bg6 30. Kb1 d4 31. cxd4 Rxd4 32. Rxd4 cxd4 33. Bxd4 e3+ 34. Kc1 Kd5 35. Bxe3 Ke4 36. Kd2 Kf3 37. b4 Kg3 38. Ke2 Kxh4 39. Kf3 1/2-1/2

[Event "Uljanovsk Privolje op"]
[Site "Uljanovsk"]
[Date "2011.02.03"]
[Round "5"]
[White "Ulanov, Alexandr"]
[Black "Bakunin, Damir"]
[Result "1-0"]
[WhiteElo "2384"]
[BlackElo "2005"]
[PlyCount "77"]
[EventDate "2011.02.01"]
[EventType "swiss"]
[EventRounds "9"]
[EventCountry "RUS"]
[SourceTitle "CBM 140 Extra"]
[Source "ChessBase"]
[SourceDate "2011.03.01"]
[SourceVersion "1"]
[SourceVersionDate "2011.03.01"]
[SourceQuality "1"]

1. d4 d5 2. Nf3 Nf6 3. c4 c6 4. e3 e6 5. Nbd2 Be7 6. Bd3 0-0 7. 0-0 c5 8. b3 Nc6 9. Bb2 b6 10. dxc5 dxc4 11. Bxc4 Bxc5 12. a3 Bb7 13. b4 Be7 14. Qe2 Rc8 15. Rac1 Rc7 16. Rfd1 Qa8 17. e4 Rd8 18. e5 Ne8 19. Nb3 Rcd7 20. Rxd7 Rxd7 21. Bd3 Nd8 22. Bb5 Nc6 23. Ba6 Nc7 24. Bxb7 Qxb7 25. Qe4 Na5 26. Qxb7 Nxb7 27. g3 Nd5 28. Nfd4 Nd8 29. Nb5 h5 30. Bd4 h4 31. Kg2 hxg3 32. hxg3 Bg5 33. Rc8 Be7 34. Ra8 Kh7 35. Rxa7 Rxa7 36. Nxa7 Kg6 37. Nc8 b5 38. Na7 Nc6 39. Bb6 1-0

[Event "Kazan-ch"]
[Site "Kazan"]
[Date "2006.11.28"]
[Round "5"]
[White "Vasilov, Artur"]
[Black "Bakunin, Damir"]
[Result "1/2-1/2"]
[WhiteElo "2238"]
[BlackElo "1930"]
[PlyCount "34"]
[EventDate "2006.11.21"]
[EventType "swiss"]
[EventRounds "11"]
[EventCountry "RUS"]
[SourceTitle "EXT 2019"]
[Source "ChessBase"]
[SourceDate "2018.10.10"]
[SourceVersion "1"]
[SourceVersionDate "2018.10.10"]
[SourceQuality "1"]

1. d4 d5 2. c4 c6 3. Nf3 Nf6 4. e3 a6 5. Nc3 b5 6. b3 Bg4 7. Bd3 e6 8. 0-0 Be7 9. Bb2 0-0 10. h3 Bh5 11. c5 Nbd7 12. Re1 Bg6 13. a3 Qc7 14. Ne2 Bxd3 15. Qxd3 Ne4 16. b4 Bf6 17. Nc3 Nxc3 1/2-1/2

[Event "Kazan-ch"]
[Site "Kazan"]
[Date "2006.11.25"]
[Round "3"]
[White "Bakunin, Damir"]
[Black "Lyanguzov, Oleg"]
[Result "0-1"]
[WhiteElo "1930"]
[BlackElo "2337"]
[PlyCount "62"]
[EventDate "2006.11.21"]
[EventType "swiss"]
[EventRounds "11"]
[EventCountry "RUS"]
[SourceTitle "EXT 2019"]
[Source "ChessBase"]
[SourceDate "2018.10.10"]
[SourceVersion "1"]
[SourceVersionDate "2018.10.10"]
[SourceQuality "1"]

1. Nf3 g6 2. c4 Bg7 3. Nc3 e5 4. g3 Ne7 5. Bg2 0-0 6. 0-0 c6 7. d3 d5 8. e4 dxc4 9. dxc4 Qc7 10. Ne1 Be6 11. Qe2 Nd7 12. Nc2 Rfe8 13. Be3 a6 14. a4 a5 15. Rad1 Rad8 16. Na3 Nc8 17. Rd2 f6 18. Rfd1 Bf8 19. Nc2 Nc5 20. Bf1 Nb6 21. Bxc5 Bxc5 22. Rxd8 Rxd8 23. Rxd8+ Qxd8 24. b3 Nd7 25. Qd3 Qb6 26. Nd1 Be7 27. Na1 Nc5 28. Qc2 Qd8 29. Nc3 Qd4 30. Bg2 Nd3 31. Bf1 Nxf2 0-1